| Tag |
First Indicator |
Second Indicator |
Subfields |
| LEADER |
00000cam a2200000 a 4500 |
| 001 |
in00004100239 |
| 005 |
20260128201946.3 |
| 006 |
m o d |
| 007 |
cr cn |
| 008 |
150813s2008 xx o eng |
| 020 |
|
|
|z 0738485705
|
| 020 |
|
|
|z 9780738485706
|
| 035 |
|
|
|a (CaSebORM)0738485705
|
| 040 |
|
|
|d UtOrBLW
|
| 041 |
0 |
|
|a eng
|
| 100 |
1 |
|
|a Buecker, Axel,
|e author.
|
| 245 |
1 |
0 |
|a Deployment Guide Series :
|b IBM Tivoli Compliance Insight Manager /
|c Buecker, Axel.
|
| 264 |
|
1 |
|b IBM Redbooks,
|c 2008.
|
| 300 |
|
|
|a 1 online resource (260 pages)
|
| 336 |
|
|
|a text
|b txt
|2 rdacontent
|
| 337 |
|
|
|a computer
|b c
|2 rdamedia
|
| 338 |
|
|
|a online resource
|b cr
|2 rdacarrier
|
| 347 |
|
|
|a text file
|
| 520 |
|
|
|a In order to comply with government and industry regulations, such as Sarbanes-Oxley, Gramm-Leach-Bliley, and COBIT, enterprises have to constantly detect, validate, and report unauthorized change and out-of-compliance actions on their IT infrastructure. The Tivoli Compliance Insight Manager solution allows organizations to improve the security of their information systems by capturing comprehensive log data, correlating this data through sophisticated log interpretation and normalization, and communicating results through a dashboard and a full set of audit and compliance reporting. We discuss the business context of security audit and compliance software for organizations, and we show a typical deployment within a business scenario. This IBM Redbooks publication is a valuable resource for security officers, administrators, and architects who wish to understand and deploy a centralized security audit and compliance solution.
|
| 533 |
|
|
|a Electronic reproduction.
|b Boston, MA :
|c Safari,
|n Available via World Wide Web.
|d 2008.
|
| 538 |
|
|
|a Mode of access: World Wide Web.
|
| 542 |
|
|
|g 2008
|
| 588 |
|
|
|a Online resource; Title from title page (viewed February 15, 2008)
|
| 500 |
|
|
|a Electronic resource.
|
| 655 |
|
7 |
|a Electronic books.
|2 local
|
| 700 |
1 |
|
|a Blair, Ann-Louise,
|e author.
|
| 700 |
1 |
|
|a Cervan, Franc,
|e author.
|
| 700 |
1 |
|
|a Filip, Werner,
|e author.
|
| 700 |
1 |
|
|a Henley, Scott,
|e author.
|
| 700 |
1 |
|
|a Lorenz, Carsten,
|e author.
|0 http://id.loc.gov/authorities/names/no2005026189
|
| 700 |
1 |
|
|a Muehlenbrock, Frank,
|e author.
|0 http://id.loc.gov/authorities/names/n2011027321
|
| 700 |
1 |
|
|a Tan, Rudy,
|e author.
|
| 710 |
2 |
|
|a Safari, an O'Reilly Media Company.
|
| 856 |
4 |
0 |
|u https://proxy.library.tamu.edu/login?url=https://go.oreilly.com/TAMU/library/view/-/0738485705/?ar
|z Connect to this electronic resource
|t 0
|
| 999 |
f |
f |
|s 3109873c-5bf7-337b-84d1-a2714afddb1b
|i b880434a-c479-3666-96a0-d0e5b95ddfcb
|t 0
|
| 952 |
f |
f |
|a Texas A&M University
|b College Station
|c Electronic Resources
|s www_evans
|d Available Online
|t 0
|h No information provided
|
| 998 |
f |
f |
|t 0
|l Available Online
|